000 01226nam a22002177a 4500
999 _c63300
_d63300
005 20250730143031.0
008 250730s2021 en ||||| |||| 00| 0 eng d
020 _a9781421441085 X
041 _aeng
080 _a616.8 S-82
100 _a Stelter R. Jennifer
_d(Author)
_925707
245 _aThe busy caregiver's guide to advanced Alzheimer disease /
_cJennifer R. Stelter ; Rachael Wonderlin
264 _a Baltimore :
_b Johns Hopkins University Press,
_c2021.
300 _axv, 174 pages :
_billustrations ;
_c22 cm.
440 _aJohns Hopkins Press health book
_925708
653 _aThe Dementia Connection Model is a recipe to connect families in a way that produces positive interactions and preserves their loved one's level of functioning for as long as possible. The model brings together three concepts in dementia care of what is happening to the person with Alzheimer disease and, more importantly, why these things are happening as the person's condition progresses and how to intervene successfully"-- Provided by publisher
653 _a Aidants naturels Alzheimer's disease Patients Care Alzheimer's
653 _aმედიცინა
700 _aWonderlin, Rachael
_925709
942 _2udc
_cBK